Score 0/40 Timer 02:00
1 Play Today
Clue % Correct
3.14159....PI
93.8%
Before noonAM
90.9%
Kung __FU
90.9%
After noonPM
90.6%
Former partnerEX
88.9%
MotherMA
88.2%
FatherPA
87.9%
Gold (symbol)AU
86.4%
Hospital TV dramaER
85.8%
Spielberg's alienET
84.9%
Not outIN
84.7%
Not seniorJR
83.8%
Not offON
83.2%
Chicago's stateIL
82.3%
Yes's oppositeNO
77.2%
CommercialAD
76.7%
Tag victimIT
76.6%
Relative of Ave.ST
76.1%
PhysicianDR
75.8%
ExampleEG
72.6%
Clue % Correct
Silver (symbol)AG
72%
Chlorine (symbol)CL
71.9%
Boise's stateID
71.7%
Order silenceSH
71.7%
Special effectsFX
71.6%
Hannah's stateMT
70.1%
Empire StateNY
69.5%
Robot brainpowerAI
67.6%
Emphatic ExclamationAH
65%
AccomplishDO
64.4%
Miami's stateFL
63.5%
Scrubs lead roleJD
62.8%
Letter afterthoughtPS
61.6%
Iron (symbol)FE
60.5%
Next toBY
55.3%
ExistBE
54.9%
Choice wordOR
54.5%
Super big (size)XL
51.1%
Optical storage deviceCD
49.8%
Super teeny (size)XS
46.7%

Today's Daily Dose

Missing Word
I Hardly Know Her!

Word Ladder
Sentence Ending

Quick Pick
Female Firsts

Get the Picture
Triathlon Sports

Remove Ads.
Support Sporcle.
Get the best of Sporcle when you Go Orange. This ad-free experience offers more features, more stats, and more fun while also helping to support Sporcle. Thank you for becoming a member.

You're not logged in!

Compare scores with friends on all Sporcle quizzes.
OR
Log In

Show Comments

Extras

Top Quizzes Today


Score Distribution

Your Account Isn't Verified!

In order to create a playlist on Sporcle, you need to verify the email address you used during registration. Go to your Sporcle Settings to finish the process.

Report this User

Report this user for behavior that violates our Community Guidelines.

Details: